00303nam a2200121Ia 4500008004100000041000800041082001700049100002100066245002700087260003800114300001100152650001800163210716s1993 xx 000 0 und d aeng a005.133 ABOS aAbolrous, Sam A. aLearn c in three days. aNew DelhibBPB Publicationsc1993 aix,189 aC Programming